Actores Sociales y diferencia etnica (Registro nro. 323799)

Detalles MARC
000 -ENCABEZADO
Número de control [NR] 01235nam a22003017a 4500
005 - FECHA Y HORA DE LA ÚLTIMA TRANSACCIÓN
control field 20240524073054.0
008 - DE LONGITUD FIJA DE DATOS DE ELEMENTOS - INFORMACIÓN GENERAL
Elementos de longitud fija [NR] 240125t ||||| |||| 00| 0 spa d
020 ## - NUMERO INTERNACIONAL NORMALIZADO PARA LIBROS [R]
Número Internacional Normalizado del libro [NR] 9789586091183
020 ## - NUMERO INTERNACIONAL NORMALIZADO PARA LIBROS [R]
Número Internacional Normalizado del libro [NR] 9789586091190
040 ## - FUENTE DE CATALOGACION [NR]
Agencia de catalogación original [NR] CO-BoUCM
Quien Cataloga David Moreno
Quien Clasifica David Moreno
041 ## - CODIGO DE IDIOMA [R]
Código de idioma para texto/pista de sonido o título separado [R] Español
100 1# - ASIENTO PRINCIPAL--NOMBRE PERSONAL [NR]
Nombre personal [NR] Charry Rojas, Carlos José
ID Autoridad 179794
245 10 - MENCION DE TITULO [NR]
Título [NR] Actores Sociales y diferencia etnica
Mención de responsabilidad, etc. [NR] Carlos José Charry Rojas, Christian Alexander Narváez Rojas y José Honorio Martínez
250 ## - MENCION DE EDICION [NR]
Mención de edición [NR] Primera edición
260 ## - PUBLICACION, DISTRIBUCION, ETC. (PIE DE IMPRENTA) [R]
Lugar de publicación, distribución, etc. [R] Bogotá, COL
Nombre del editor, distribuidor, etc. [R] Escuela superior de administración publica - ESAP
Fecha de publicación, distribución, etc. [R] 2022
300 ## - DESCRIPCION FISICA [R]
Extensión [R] 124 Paginas
490 ## - MENCION DE SERIE [R]
Mención de serie [R] Estado-gobierno y sociedad
650 17 - ASIENTO SECUNDARIO DE MATERIA - TERMINO TEMATICO [R]
Término temático o nombre geográfico como elemento de entrada [NR] Minorías étnicas
Subdivisión geográfica [R] Colombia
9 (RLIN) 179795
650 17 - ASIENTO SECUNDARIO DE MATERIA - TERMINO TEMATICO [R]
Término temático o nombre geográfico como elemento de entrada [NR] Afrodecesdientres
Subdivisión cronológica [R] Aspectos sociales
9 (RLIN) 179796
650 17 - ASIENTO SECUNDARIO DE MATERIA - TERMINO TEMATICO [R]
Término temático o nombre geográfico como elemento de entrada [NR] Indígenas de Colombia
Subdivisión general [R] Aspectos sociales
9 (RLIN) 179797
650 17 - ASIENTO SECUNDARIO DE MATERIA - TERMINO TEMATICO [R]
Término temático o nombre geográfico como elemento de entrada [NR] Movimiento social
Subdivisión geográfica [R] Colombia
9 (RLIN) 179798
650 17 - ASIENTO SECUNDARIO DE MATERIA - TERMINO TEMATICO [R]
Término temático o nombre geográfico como elemento de entrada [NR] Desapariciones forzadas
Subdivisión geográfica [R] Colombia
9 (RLIN) 179799
650 17 - ASIENTO SECUNDARIO DE MATERIA - TERMINO TEMATICO [R]
Término temático o nombre geográfico como elemento de entrada [NR] Desplazamiento forzado
Subdivisión geográfica [R] Colombia
9 (RLIN) 31505
700 1# - ASIENTO SECUNDARIO - NOMBRE PERSONAL [R]
Nombre personal [NR] Narváez Rojas, Christian Alexander
9 (RLIN) 179800
700 1# - ASIENTO SECUNDARIO - NOMBRE PERSONAL [R]
Nombre personal [NR] Martínez, José Honorio
9 (RLIN) 179801
942 ## - ELEMENTOS DE ENTRADA AGREGADOS (KOHA)
Sistema de clasificación DEWEY
Tema principal Sociología
Tipo de ítem principal el descrito en 300a Libro
Edición 1
Clasificación 305.8986
Parte restante de la signatura top. C485a
Título oculto en OPAC No
Existencias
Total préstamos Signatura topográfica Código de barras Última vez visto Ejemplar Costo de reposición Price effective from Tipo de ítem Perdido Sistema de clasificación Dañado No prestable Tipo de ítem específico Suprimido Ubicación habitual Ubicación actual Localización Fecha de creación Forma de adquisición
  305.8986 c485a 100172255 09/12/2025 Ej.1 26000.00 25/01/2024 Libro   DEWEY     Libro   Claustro Claustro 2do piso 25/01/2024 Donación